Madhumati / (Record no. 45341)
[ view plain ]
| 000 -LEADER | |
|---|---|
| fixed length control field | 01238njm a22002897a 4500 |
| 005 - DATE AND TIME OF LATEST TRANSACTION | |
| control field | 2010091309449.0 |
| 007 - PHYSICAL DESCRIPTION FIXED FIELD--GENERAL INFORMATION | |
| fixed length control field | sd ammalaaahaa |
| 008 - FIXED-LENGTH DATA ELEMENTS--GENERAL INFORMATION | |
| fixed length control field | 100830t xxu||||| |||| 00| 0 eng d |
| 028 ## - PUBLISHER NUMBER | |
| Publisher number | TAE.1006 |
| Source | Angel Records |
| 035 ## - SYSTEM CONTROL NUMBER | |
| System control number | GR-02052 |
| 040 ## - CATALOGING SOURCE | |
| Original cataloging agency | SED |
| Transcribing agency | SED |
| 100 ## - MAIN ENTRY--PERSONAL NAME | |
| Personal name | Mangeshkar, Lata |
| 9 (RLIN) | 19323 |
| 245 ## - TITLE STATEMENT | |
| Title | Madhumati / |
| Statement of responsibility, etc | sung by Lata Mangeshkar, Mukesh & Manna dey ; music by Salil Choudhury ; Lyric by ; Shailendra |
| Medium | [sound recording]: |
| Remainder of title | Hindustani |
| 246 ## - VARYING FORM OF TITLE | |
| Title proper/short title | मधुमती (लता मंगेशकर, मुकेश & मन्ना डे) |
| 260 ## - PUBLICATION, DISTRIBUTION, ETC. (IMPRINT) | |
| Place of publication, distribution, etc | Dum Dum, India: |
| Name of publisher, distributor, etc | Angel Records |
| 300 ## - PHYSICAL DESCRIPTION | |
| Extent | 1 sound disc [GramphoneRecording]: |
| Other physical details | analog,45 rpm |
| Dimensions | 7 in.(SP) |
| Type of unit | Gramphones Records |
| 500 ## - GENERAL NOTE | |
| General note | Brief Record |
| 500 ## - GENERAL NOTE | |
| General note | Angel records |
| 500 ## - GENERAL NOTE | |
| General note | Purple |
| 505 ## - FORMATTED CONTENTS NOTE | |
| Formatted contents note | Side 1 Chadh Gayo paapi bichhuya (चढ़ गयो पापी बिछुया), Side-2 Suhana safar (सुहाना सफ़र) |
| 650 ## - SUBJECT ADDED ENTRY--TOPICAL TERM | |
| General subdivision | Excerpts |
| Geographic subdivision | India |
| 9 (RLIN) | 17446 |
| Topical term or geographic name as entry element | Motion picture music |
| Form subdivision | Film song |
| 700 ## - ADDED ENTRY--PERSONAL NAME | |
| Personal name | Hemant Kumar |
| 9 (RLIN) | 19399 |
| 700 ## - ADDED ENTRY--PERSONAL NAME | |
| Personal name | Shankar Jaikishan |
| 9 (RLIN) | 19400 |
| 700 ## - ADDED ENTRY--PERSONAL NAME | |
| Personal name | Shailendra |
| 9 (RLIN) | 19677 |
| 942 ## - ADDED ENTRY ELEMENTS (KOHA) | |
| Source of classification or shelving scheme | Dewey Decimal Classification |
| Item type | Gramaphone Records |
| Withdrawn status | Lost status | Source of classification or shelving scheme | Damaged status | Not for loan | Home library | Current library | Date acquired | Source of acquisition | Total Checkouts | Barcode | Date last seen | Copy number | Price effective from | Koha item type |
|---|---|---|---|---|---|---|---|---|---|---|---|---|---|---|
| Dewey Decimal Classification | Not For Loan | Central Library | Central Library | 13/09/2010 | SED/VEN | GR-02052 | 13/09/2010 | 1 | 13/09/2010 | Gramaphone Records |
